Talleres de ortografía 8

Na minha lista:
Detalhes bibliográficos
Main Authors: Rossel Santander, Verónica (Author), Careaga Medina, Roberto (Author), Reyes, Carlos F (Author)
Formato: Livro
Idioma:espanhol
Publicado em: Santiago Santillana 1995
Colecção:Talleres de ejercitación y reforzamiento. Ortografía
Assuntos:
Tags: Adicionar Tag
Sem tags, seja o primeiro a adicionar uma tag!

MARC

LEADER 00000nam a2200000 a 4500
001 UCH8279
003 CL-VaPUC
008 091127e19950000CL |||||||||||||||||spa|d
020 |a 9561503239 
082 0 4 |a 372.632  |b ROS  |2 21 
100 0 |a Rossel Santander, Verónica  |e author  |9 544798 
700 0 |a Careaga Medina, Roberto  |e author  |9 544799 
700 0 |a Reyes, Carlos F  |e author  |9 544800 
245 1 0 |a Talleres de ortografía 8 
300 |a 79 p 
942 |c BK 
945 |d 20091127 00:00:00  |a lazolas 
260 |a Santiago  |b Santillana  |c 1995 
650 0 |a Enseñanza del lenguaje  |9 373325 
650 0 |a Ortografía  |9 309144 
650 0 |a Español  |9 255372 
650 0 |a Educación básica   |9 224933 
583 |a last modification  |c 20091127 00:00:00  |k Rodrigo Vera 
490 0 |a Talleres de ejercitación y reforzamiento. Ortografía 
999 |c 338509  |d 338507